000 00781nmm a2200253 a 4500
001 ocm0001411761
003 TR-IsHL
005 20201028164833.0
008 160220s2016 tu eng
007 cr cn
020 _a9786059654081
035 _a1411761
_b(N$T)
050 0 4 _aTK140.T4
_bA353 2016
090 0 4 _aTK140.T4
_bA353 2016
100 1 _aTesla, Nikola
245 1 0 _aMy inventions
_h[electronic resource] /
_cNikola Tesla
260 _aİstanbul :
_bE-Kitap Projesi,
_c2016
300 _a125 p.
650 4 _aFizik
650 4 _aPhysics
650 0 _aTesla, Nikola, 1856-1943
650 7 _aBIOGRAPHY & AUTOBIOGRAPHY / Science & Technology
_2bisacsh
856 4 0 _uhttp://search.ebscohost.com/login.aspx?direct=true&scope=site&db=e011xww&AN=1411761
999 _c15719
_d15719